[Event "Andorra op 24th"]
[Site "Andorra"]
[Date "2006.07.08"]
[Round "1"]
[White "Bhat, Vinay S"]
[Black "Espasa Gonzalez, Jaume"]
[Result "1-0"]
[WhiteElo "2409"]
[BlackElo "1934"]
[PlyCount "33"]
[EventDate "2006.07.08"]
[EventType "swiss"]
[EventRounds "9"]
[EventCountry "AND"]
[SourceTitle "EXT 2022"]
[Source "ChessBase"]
[SourceDate "2021.10.06"]
[SourceVersion "1"]
[SourceVersionDate "2021.10.06"]
[SourceQuality "1"]

1. d4 d5 2. c4 c6 3. Nc3 e6 4. e3 Nf6 5. Nf3 Be7 6. Bd3 dxc4 7. Bxc4 0-0 8. e4 Nbd7 9. 0-0 b5 10. Bd3 h6 11. e5 Nd5 12. Nxd5 exd5 13. Re1 Nb6 14. Bc2 Bg5 15. Nxg5 hxg5 16. Qh5 Re8 17. Bxg5 1-0

[Event "Barcelona op rap"]
[Site "Barcelona"]
[Date "1996.12.15"]
[Round "8"]
[White "Espasa Gonzalez, Jaume"]
[Black "Simonet Pons, Marc"]
[Result "0-1"]
[WhiteElo "1970"]
[BlackElo "2215"]
[PlyCount "58"]
[EventDate "1996.12.??"]
[EventType "swiss (rapid)"]
[EventRounds "8"]
[EventCountry "ESP"]
[SourceTitle "EXT 2001"]
[Source "ChessBase"]
[SourceDate "2000.11.22"]
[SourceVersion "1"]
[SourceVersionDate "2000.11.22"]
[SourceQuality "1"]

1. c4 c5 2. Nc3 Nc6 3. g3 g6 4. Bg2 Bg7 5. e3 e5 6. Nge2 Nge7 7. 0-0 0-0 8. Re1 d6 9. a3 Be6 10. b3 d5 11. cxd5 Nxd5 12. Bb2 f5 13. e4 Nde7 14. Qc2 Rc8 15. d3 f4 16. f3 Nd4 17. Qc1 Nxb3 18. Qc2 Nc6 19. Rad1 Ncd4 20. Qb1 fxg3 21. Nxg3 Nxf3+ 22. Bxf3 Rxf3 23. Nce2 Qh4 24. Rf1 Rcf8 25. Bc3 Bh6 26. Rxf3 Rxf3 27. Rf1 Be3+ 28. Kh1 Qf6 29. Kg2 Rf2+ 0-1